Crisis y alternativas de la política económica argentina (Registro nro. 4442)
[ vista simple ]
| 000 -LEADER | |
|---|---|
| fixed length control field | 00996 a2200205 4500 |
| 001 - CONTROL NUMBER | |
| control field | 47680 |
| 005 - DATE AND TIME OF LATEST TRANSACTION | |
| control field | 20260407155743.0 |
| 008 - FIXED-LENGTH DATA ELEMENTS--GENERAL INFORMATION | |
| fixed length control field | 260407a1977 arg spa d |
| 003 - CONTROL NUMBER IDENTIFIER | |
| control field | AR-UNSa-BCEJYS |
| 040 ## - CATALOGING SOURCE | |
| Original cataloging agency | AR-UNSa-BCEJYS |
| Language of cataloging | spa |
| Transcribing agency | AR-UNSa-BCEJYS |
| 080 ## - UNIVERSAL DECIMAL CLASSIFICATION NUMBER | |
| Universal Decimal Classification number | 338.2(82) |
| Common auxiliary subdivision | Política económica. Control de la economía. Gestión de la economía. Planificación económica en Argentina |
| 100 1# - MAIN ENTRY--PERSONAL NAME | |
| Personal name | Ferrer, Aldo |
| 245 10 - TITLE STATEMENT | |
| Title | Crisis y alternativas de la política económica argentina |
| 264 #1 - PRODUCTION, PUBLICATION, DISTRIBUTION, MANUFACTURE, AND COPYRIGHT NOTICE | |
| Place of production, publication, distribution, manufacture | Buenos Aires : |
| Name of producer, publisher, distributor, manufacturer | Fondo de Cultura Económica |
| Date of production, publication, distribution, manufacture, or copyright notice | 1977 |
| 300 ## - PHYSICAL DESCRIPTION | |
| Extent | 123 p. |
| Dimensions | 21 cm. |
| 505 ## - FORMATTED CONTENTS NOTE | |
| Formatted contents note | 1. La economía política del peronismos - 2. La economía política del liberalismo - 3. Hiperinflación con receso: alternativas frente a la crisis - 4. El circulo vicioso liberalismo-populismo: elementos de un curso alternativo - |
| 590 ## - LOCAL NOTE (RLIN) | |
| Local note | niveau_biblio:m niveau_hierar:0 |
| 856 41 - ELECTRONIC LOCATION AND ACCESS | |
| Uniform Resource Identifier | <a href="https://biblioeco.unsa.edu.ar/pmb/images/libros/L127646.jpg">https://biblioeco.unsa.edu.ar/pmb/images/libros/L127646.jpg</a> |
| Link text | Imagen de portada |
| Electronic format type | image/jpeg |
| 942 ## - ADDED ENTRY ELEMENTS (KOHA) | |
| Koha item type | |
| Withdrawn status | Lost status | Damaged status | Not for loan | Home library | Current library | Shelving location | Date acquired | Total checkouts | Full call number | Barcode | Date last seen | Price effective from | Koha item type |
|---|---|---|---|---|---|---|---|---|---|---|---|---|---|
| Biblioteca Prof. Eusebio Cleto del Rey | Biblioteca Prof. Eusebio Cleto del Rey | 07/04/2026 | 338.2(82) F382 | L127646 | 07/04/2026 | 07/04/2026 | Libro |